Statistics for NASCAR DRIVER BY PICTURE #2

Click here to take the quiz!

General Stats

  • This quiz has been taken 28 times
  • The average score is 19 of 24

Answer Stats

Answer% Correct
Joey Logano
100%
Kevin Harvick
100%
Martin Truex Jr.
100%
Dale Earnhardt Jr.
95%
Brad Keselowski
90%
Christopher Bell
90%
Kurt Busch
90%
Michael McDowell
90%
Chris Buescher
86%
Alex Bowman
81%
Erik Jones
81%
Jeff Gordon
81%
Matt Kenseth
81%
A.J. Allmendinger
76%
Austin Cindric
76%
Tony Stewart
76%
Tyler Reddick
76%
William Byron
76%
Mark Martin
71%
Chase Briscoe
62%
Matt DiBenedetto
57%
Michael Waltrip
57%
Casey Mears
48%
Trevor Bayne
48%

Score Distribution

Percentile by Number Answered

Percent of People with Each Score

Your Score History

You have not taken this quiz